000 00786nam a2200289Ia 4500
003 OSt
005 20260218123205.0
008 210210b2006 xxu||||| |||| 00| 0 eng d
020 _a8179650979
040 _cAL
041 _aHindi
082 _aH491.802 HARA
100 _aHARIMOHAN
_dहरिमोहन
_9166745
245 _aAnuvad vigyan aur sampreshan
_bअनुवाद विज्ञान और सम्प्रेषण
250 _a2
260 _aNai Dilli
_bTakshila Prakashan
_c2006
300 _a112
650 _avigyan
_9166746
650 _asampreshan
_9166747
650 _aEd
_9166748
650 _aaur
_9166749
650 _aAnuvad
_9166750
650 _a2
_9166751
690 _aHindi Language
_9166752
906 _a062080
942 _2ddc
_cBK
999 _c116768
_d116768